René Plessix et Jean-Pierre Poussou, (dir.), Les Petites villes du xviie au xixe siècle. Aspects du paysage et de la société. Actes du colloque de Mamers, organisé en décembre 1998 par la Société d’Histoire des Petites Villes, Paris, Presses de l’Université Paris-Sorbonne, 2005, 272 p., 30 €, isbn 2840503824 (notice n° 1585291)
[ vue normale ]
| 000 -LEADER | |
|---|---|
| fixed length control field | 00779cam a2200145 4500500 |
| 005 - DATE AND TIME OF LATEST TRANSACTION | |
| control field | 20251228053357.0 |
| 041 ## - LANGUAGE CODE | |
| Language code of text/sound track or separate title | fre |
| 042 ## - AUTHENTICATION CODE | |
| Authentication code | dc |
| 100 10 - MAIN ENTRY--PERSONAL NAME | |
| Personal name | Durand, Stéphane |
| Relator term | author |
| 245 00 - TITLE STATEMENT | |
| Title | René Plessix et Jean-Pierre Poussou, (dir.), Les Petites villes du xviie au xixe siècle. Aspects du paysage et de la société. Actes du colloque de Mamers, organisé en décembre 1998 par la Société d’Histoire des Petites Villes, Paris, Presses de l’Université Paris-Sorbonne, 2005, 272 p., 30 €, isbn 2840503824 |
| 260 ## - PUBLICATION, DISTRIBUTION, ETC. | |
| Date of publication, distribution, etc. | 2005.<br/> |
| 500 ## - GENERAL NOTE | |
| General note | 6 |
| 786 0# - DATA SOURCE ENTRY | |
| Note | Histoire & Sociétés Rurales | 24 | 2 | 2005-10-01 | p. 171v-276v | 1254-728X |
| 856 41 - ELECTRONIC LOCATION AND ACCESS | |
| Uniform Resource Identifier | <a href="https://shs.cairn.info/revue-histoire-et-societes-rurales-2005-2-page-171v?lang=fr&redirect-ssocas=7080">https://shs.cairn.info/revue-histoire-et-societes-rurales-2005-2-page-171v?lang=fr&redirect-ssocas=7080</a> |
Pas d'exemplaire disponible.




Réseaux sociaux